<?xml version="1.0" encoding="UTF-8"?>
<record
    xmlns:xsi="http://www.w3.org/2001/XMLSchema-instance"
    xsi:schemaLocation="http://www.loc.gov/MARC21/slim http://www.loc.gov/standards/marcxml/schema/MARC21slim.xsd"
    xmlns="http://www.loc.gov/MARC21/slim">

  <leader>01628nam a22001457a 4500</leader>
  <datafield tag="999" ind1=" " ind2=" ">
    <subfield code="c">533088</subfield>
    <subfield code="d">533088</subfield>
  </datafield>
  <controlfield tag="008">260422b           ||||| |||| 00| 0 eng d</controlfield>
  <datafield tag="100" ind1=" " ind2=" ">
    <subfield code="a">Das, Malya </subfield>
    <subfield code="9">60214</subfield>
  </datafield>
  <datafield tag="245" ind1=" " ind2=" ">
    <subfield code="a">An investigation into the inter-district disparity in INDIA using household consumption expenditure data</subfield>
  </datafield>
  <datafield tag="260" ind1=" " ind2=" ">
    <subfield code="a">Madhya Pradesh Journal of Social Sciences  </subfield>
  </datafield>
  <datafield tag="300" ind1=" " ind2=" ">
    <subfield code="a">29(2), Dec, 2024: p.41-54</subfield>
  </datafield>
  <datafield tag="520" ind1=" " ind2=" ">
    <subfield code="a">Existing studies on disparities in India were mostly limited to regionaland
state-level analyses. Using the data from the 61st and 66th rounds of
the National Sample Survey of India this paper examined the inter-district
economic disparity in terms of monthly per capita consumption
expenditure (MPCE) in India and bigger states during 2004-09. A set of
three inequality measures, namely, Theil, Hoover and Gini indices, and the
Lorenz curve were used to assess the economic disparity among the
districts. Results showed that the districts of northern and eastern states of
India were economically more backward. Disparity in MPCE continued to
exist among the districts of India. The degree of inter-district disparity in
MPCE was found to be higher in the economically better-off states (such as
Gujarat, Maharashtra and Karnataka), compared to the economically
poorer states (such as Bihar and Rajasthan) of India.-Reproduced 


https://mpissr.org/wp-content/uploads/2025/05/MPJSS-292-December-2024.pdf</subfield>
  </datafield>
  <datafield tag="650" ind1=" " ind2=" ">
    <subfield code="a">Inter-district disparity, Inequality measures, Lorenz curve, Monthly percapita consumption expenditure, Districts, India.</subfield>
    <subfield code="9">60177</subfield>
  </datafield>
  <datafield tag="773" ind1=" " ind2=" ">
    <subfield code="a">Madhya Pradesh Journal of Social Sciences  </subfield>
  </datafield>
  <datafield tag="942" ind1=" " ind2=" ">
    <subfield code="c">AR</subfield>
  </datafield>
  <datafield tag="952" ind1=" " ind2=" ">
    <subfield code="0">0</subfield>
    <subfield code="1">0</subfield>
    <subfield code="2">ddc</subfield>
    <subfield code="4">0</subfield>
    <subfield code="7">0</subfield>
    <subfield code="9">408259</subfield>
    <subfield code="a">IIPA</subfield>
    <subfield code="b">IIPA</subfield>
    <subfield code="d">2026-04-22</subfield>
    <subfield code="h">29(2), Dec, 2024: p.41-54</subfield>
    <subfield code="p">AR138600</subfield>
    <subfield code="r">2026-04-22</subfield>
    <subfield code="y">AR</subfield>
  </datafield>
</record>
